| 000 | 00790aam a2200277 4500 | ||
|---|---|---|---|
| 005 | 20240725115539.0 | ||
| 008 | 240725s2023 c cat d | ||
| 017 | _aV-634-2023 | ||
| 020 | _a9788448268039 | ||
| 041 | _acat | ||
| 245 | _aEl Corpus de València | ||
| 260 |
_aValència _bAcadèmia Valenciana de la Llengua _c2023 |
||
| 300 |
_a57 p. _bil. |
||
| 490 |
_aVocabularis Visuals; _v3 |
||
| 520 | _aaprox. 80 | ||
| 591 | _a11003 | ||
| 592 | _aObra terminològica | ||
| 593 | _aOS | ||
| 594 | _a11003 | ||
| 650 | 0 |
_acostums i tradicions _961439 |
|
| 650 | 0 |
_acultura popular _962169 |
|
| 650 | 0 |
_afestes populars _967753 |
|
| 830 |
_aVocabularis Visuals; _v3 _975627 |
||
| 856 | _uhttps://www.avl.gva.es/documents/31987/243392/el_Corpus_AVL.pdf | ||
| 942 |
_cMO _2ddc _n0 |
||
| 999 |
_c69034 _d69034 |
||